000
00333nam a2200133Ia 4500
008
240624s9999 xx 000 0 und d
041
_a
eng
082
_a
823 RIO
100
_a
RIORDAN RICK
245
_a
TRIALS OF APOLLO THE DARK PROPHECY
260
_c
2017
_a
New Delhi
_b
Puffin Books
300
_a
456 p.; 23 cm.
365
_c
RS
_b
30
999
_c
29608
_d
29608